|
|
|
|
| LEADER |
00000cam a2200000 7i4500 |
| 001 |
0000068310 |
| 005 |
20091117.0 |
| 008 |
091117 bm |
| 020 |
|
|
|a 983877300X
|
| 090 |
0 |
0 |
|a J 899.2333 IKA
|
| 100 |
1 |
|
|a Ika Hakeem
|
| 245 |
1 |
0 |
|a Sahabat Yang Setia
|c Ika Hakeem
|
| 260 |
|
|
|a Selangor Darul Ehsan :
|b Penerbit Prisma Sdn.Bhd. ,
|c 2005
|
| 300 |
|
|
|a 28p. :
|b ill. ;
|c 22cm.
|
| 650 |
0 |
0 |
|a Children's stories-Malay
|
| 999 |
|
|
|a 0000067083
|b Buku
|c Koleksi Pinjaman Kanak-Kanak
|e Perbadanan Perpustakaan Awam Melaka
|
| 999 |
|
|
|a 0000067084
|b Buku
|c Koleksi Pinjaman Kanak-Kanak
|e Perpustakaan Cawangan Jasin
|
| 999 |
|
|
|a 0000067085
|b Buku
|c Koleksi Pinjaman Kanak-Kanak
|e Perpustakaan Cawangan Masjid Tanah
|
| 999 |
|
|
|a 0000067086
|b Buku
|c Koleksi Pinjaman Kanak-Kanak
|e Perbadanan Perpustakaan Awam Melaka
|